000 01772nam a2200289Ia 4500
001 B6852
003 IT-RoPAU
008 130308s9999 xx 000 0 und d
040 _aIT-RoPAU
040 _cIT-RoPAU
041 _aFRANCESE
100 _aLemagny Jean-Claude
100 _gCodice Aut. SPICS: 14961
245 _aOmbre et le temps (L')-Essais sur la photographie comme art
245 _bOmbre et le Temps (L')-Essais Sur la photographie Comme Art
250 _a1a ed.
260 _aPARIS
260 _bNathan
260 _c1992 [1° Ed.:1992 - Ed.Ling.Originale:1992]
300 _a"384 p. (prefazione: no ; testo: 384 [pagine: 0-0])"
500 _aOmbra e Tempo: Saggi Sulla fotografia Come Arte. Prefazione di Gilles Mora. Teoria: Pittura e Fotografia, Continuità e Discontinuità nell'Atto Fotografico, Capolavoro e Fotografia, fotografia e Stile, fotografia e Arte Concettuale. Metodi: cerchio D'Immagini, Collezionare le Fotografie, scelta delle Fotografie, Incisione e Fotografia, Originale Fotografico, Esposizione Fotografica, Galleria, collezione e museo Immaginario. Temi: Creatività nella fotografia Architettonica, Spazio e Fotografia, Teatro delle Realtà, Ritratto, Fotobiografia, colore in Fotografia, Natura Morta. Storia: Storicodavanti Alla Fotografia, Sguardo al Catalogo, Periodo Contemporaneo in Francia, Disegni di Henri Cartier Bresson, Ralph Gibson, Andre' Kertesz, Maturità della Fotografia. Situazione della Fotografia. fotografia Arte Plastica?. Materia, Ombra e Fiction. Due sorgenti della Libertà Fotografica. materia Luce e Fotografia. indice dei Fotografi, Incisori e pittori Citati.
650 _aTEORICHE FOTOGRAFICHE
650 _eCodice materia Spics: 6755
942 _cBK
957 _71
999 _c92602
_d92602
999 _g1